Diljalaa / (Record no. 47173)

MARC details
000 -LEADER
fixed length control field 01062njm a22003017a 4500
005 - DATE AND TIME OF LATEST TRANSACTION
control field 20100918120820.0
007 - PHYSICAL DESCRIPTION FIXED FIELD--GENERAL INFORMATION
fixed length control field sd ammalaaahaa
008 - FIXED-LENGTH DATA ELEMENTS--GENERAL INFORMATION
fixed length control field 100918t xxu||||| |||| 00| 0 hin d
028 ## - PUBLISHER NUMBER
Publisher number SFLP-1188
Source Super ; T- Series
035 ## - SYSTEM CONTROL NUMBER
System control number GR-04491
040 ## - CATALOGING SOURCE
Original cataloging agency SED/VEN
100 ## - MAIN ENTRY--PERSONAL NAME
9 (RLIN) 20657
245 ## - TITLE STATEMENT
Title Diljalaa /
Medium [sound recording] :
Statement of responsibility, etc Lyrics by Indivar ; music by Bappi Lahri
246 ## - VARYING FORM OF TITLE
Title proper/short title दिलजला
260 ## - PUBLICATION, DISTRIBUTION, ETC. (IMPRINT)
Place of publication, distribution, etc Dum Dum India
Name of publisher, distributor, etc Super ; T-Series
Date of publication, distribution, etc 1989
300 ## - PHYSICAL DESCRIPTION
Extent 1 sound disc [Gramophone record] :
Other physical details analog, 331/3 rpm
Dimensions 12 in (LP)
Type of unit Gramophone Record
500 ## - GENERAL NOTE
General note Brief Record
500 ## - GENERAL NOTE
General note Super ; T-Series
500 ## - GENERAL NOTE
General note Red
500 ## - GENERAL NOTE
General note Long Play
505 ## - FORMATTED CONTENTS NOTE
Formatted contents note Jaan tan se part 1 (Diljalaa) (Asha Bhosle) Pyar ki jab koi baat chali part 1 (Diljalaa) (Kishore Kumar)
650 ## - SUBJECT ADDED ENTRY--TOPICAL TERM
Form subdivision Filmi Song
General subdivision Excerpts
Geographic subdivision India
9 (RLIN) 20658
Topical term or geographic name as entry element Classical Music
700 ## - ADDED ENTRY--PERSONAL NAME
9 (RLIN) 20659
Personal name Indivar
700 ## - ADDED ENTRY--PERSONAL NAME
9 (RLIN) 20660
Personal name Lahri, Bappi
700 ## - ADDED ENTRY--PERSONAL NAME
9 (RLIN) 20674
942 ## - ADDED ENTRY ELEMENTS (KOHA)
Source of classification or shelving scheme Dewey Decimal Classification
Item type Gramaphone Records
Holdings
Withdrawn status Lost status Source of classification or shelving scheme Damaged status Not for loan Collection code Home library Current library Date acquired Source of acquisition Total Checkouts Barcode Date last seen Copy number Price effective from Koha item type
    Dewey Decimal Classification   Not For Loan Non-fiction Central Library Central Library 21/09/2010 SED/VEN   GR-04491 21/09/2010 1 21/09/2010 Gramaphone Records

© Delhi Public Library
Hit Counter
free hit counter